| 000 | 00707nam a22002297a 4500 | ||
|---|---|---|---|
| 005 | 20170124110017.0 | ||
| 010 | _a903859 | ||
| 020 | _c80.00 | ||
| 035 | _a903859 | ||
| 037 | _bCen Lib/Ret | ||
| 040 |
_aDPL _bEN |
||
| 082 |
_a342.54 _bMIS |
||
| 100 |
_aMishra, ShreeGovind _918885 |
||
| 245 |
_aConstitutional development and national movement in India 1919-47 / _cby ShreeGovind Mishra |
||
| 260 |
_aPatna _bJanaki prakashan _c1978 |
||
| 270 |
_aAshok Rajpath Chauhatta _bPatna _e800004 |
||
| 300 |
_axv, 400p. : _c20cm(Hb) |
||
| 500 | _aIncludes index | ||
| 650 |
_aPolitical science _975111 |
||
| 650 |
_aConstitutional history _zIndia _918887 |
||
| 942 |
_2ddc _cEN _h342.54 _mMIS |
||
| 999 |
_c126929 _d126929 |
||